Personnage mystère #15 - Statistiques

Statistiques générales
  • Ce quiz a été pris 296 fois
  • Le résultat moyen est 4 sur 7
Statistiques - réponses
Lettres Indices % Correct
PANOJ Japon
94%
NUTAMT Mutant
87%
SONERTM Monstre
57%
ERIAÉLCUN Nucléaire
42%
ROMENE Énorme
38%
PETELIR Reptile
34%
Nom du personnage Godzilla
32%
Aucun quiz correspondant
Distribution des résultats
% des personnes avec chaque résultat
Percentile par nombre de réponses
Votre historique - résultats
Vous n’avez pas pris ce quiz